00514nam a2200205Ia 4500008004100000020001800041050001400059100002300073245002500096245003500121245002300156260001500179260001600194260000900210300001600219300002700235300001000262440002700272500000900299170918s9999 xx 000 0 und d a9780545019903 bH797 2006 aHopkinson, Deborah aUp before daybreak : bcotton and people in America / cDeborah Hopkinson. aNew York : bScholastic, c2006 a120 pages : bcolored illustration ; c21cm. aScholastic nonfiction. a1060